Kraje Graniczące z Rosją w 15 sekund - Statystyki

Ogólne statystyki
  • Ten quiz został rozwiązany 202 razy
  • Średni wynik to 6 z 14
Statystyki odpowiedzi
Kraj graniczący z Rosją % Poprawnych
Polska
79%
Chiny
64%
Litwa
62%
Estonia
61%
Łotwa
61%
Ukraina
58%
Białoruś
49%
Finlandia
48%
Mongolia
45%
Kazachstan
43%
Norwegia
25%
Korea Północna
17%
Gruzja
13%
Azerbejdżan
6%
Nie znaleziono quizów pasujących do podanych kryteriów
Rozkład punktacji
Procent ludzi z każdym wynikiem
Percentyl według liczby udzielonych odpowiedzi
Twoja historia wyników
Nie rozwiązałeś tego quizu